00522 2200205 4500001002100000005001500021008004100036020002200077035001900099041000700118082001200125090001800137100002600155245004200181260003100223300002500254500000600279650001200285990001900297INLIS00000000000289820241224112624241224||||||||| | ||| |||| || |  a978-979-084-837-5 0010-1224002898 aen0 a959.901 a959.901 LAN g0 aLangit Kresna Hariadi00aGajah Mada : Sanga Turangga Paksowani aSolobTiga Serangkaic2012 axii, 448 hlm.; 21 cm a1 0aSejarah a05.17.01.09.03